Select the U.S Landmarks - Statistics

General Stats
  • This quiz has been taken 191 times
  • The average score is 15 of 16
Answer Stats
Question Tile Select % Correct
Which Landmarks are in the U.S.? Christ the Redeemer No
98%
Which Landmarks are in the U.S.? Eiffel Tower No
98%
Which Landmarks are in the U.S.? Taj Mahal No
98%
Which Landmarks are in the U.S.? The Forbidden City No
98%
Which Landmarks are in the U.S.? The Statue of Liberty Yes
98%
Which Landmarks are in the U.S.? Elizabeth Tower No
97%
Which Landmarks are in the U.S.? St. Basil's Cathedral No
97%
Which Landmarks are in the U.S.? Tiananmen Square No
96%
Which Landmarks are in the U.S.? Mount Rushmore Yes
95%
Which Landmarks are in the U.S.? One World Trade Center Yes
94%
Which Landmarks are in the U.S.? Hoover Dam Yes
93%
Which Landmarks are in the U.S.? Liberty Bell Yes
92%
Which Landmarks are in the U.S.? Space Needle Yes
92%
Which Landmarks are in the U.S.? St. Louis Arch Yes
91%
Which Landmarks are in the U.S.? CN Tower No
88%
Which Landmarks are in the U.S.? The Four Corners Monument Yes
81%
No matching quizzes found
Score Distribution
Percent of People with Each Score
Percentile by Number Answered
Your Score History
You have not taken this quiz